000 00328nam a2200133Ia 4500
005 20260328104327.0
008 260328s9999||||xx |||||||||||||| ||und||
100 _aMartín, Manuel
245 0 _aLa Invención de la Arquitectura /
_cManuel Martín
260 _bCeleste
300 _a232 p.
650 _aTEORÍA
942 _cBK
999 _c11554
_d11554